LEADER 01230nam a2200289 i 4500 001 000000076657 003 CaOOAMICUS 005 20010327000000.0 008 010327s1986 fr u000 u fre u 013 $a47829 020 $a2-204-02611-5 040 $aSeMil$bita 100 1 $aBourgeois, Henri,$d<1934-2001>.$0(OLS)http://semarc/name/6889 245 12$aL'expérience chrétienne du temps /$cHenri Bourgeois, Pierre Gibert, Maurice Jourjon. 260 $aParis :$bLes Éditions du Cerf,$c1986. 300 $a182 p. ;$c22 cm. 490 0 $aCogitatio Fidei [Cerf]v142 650 4$aTempo.$0(OLS)http://semarc/subject/10226 700 1 $aJourjon, Maurice.$0(OLS)http://semarc/name/4436 700 1 $aGibert, Pierre .$0(OLS)http://semarc/name/18137 830 0$aCogitatio Fidei ;$v142.$0(OLS)http://semarc/title/206 850 $aSeMil 852 $aSeMil$W1$xVenegono$y1$m2BA N 142$j42809$B42809$CSeMilBibl$Z2$F42676 $81 961 $aAcquisto: Cerf (Libreria) 996 $6020$a2-204-02611-5$9(OLS)http://semarc/number/57716 996 $6245$aL'expérience chrétienne du temps$9(OLS)http://semarc/title/124299 996 $6260$aParis :$bLes Éditions du Cerf$9(OLS)http://semarc/publisher/29611 LEADER 01056nam a2200229 i 4500 001 000000102706 003 CaOOAMICUS 005 20010802000000.0 008 010802s1984 it u000 u ita u 013 $a74859 040 $aSeMil$bita 245 12$aI registri del monastero di S. Abbondio in Como :$bsecolo 13. /$ca cura di Roberto Perelli Cippo. 260 $aComo :$bPresso la Società a Villa Gallia,$c1984. 300 $aXXXIV, 288 p. ;$c24 cm. 490 0 $aRaccolta storica ;$vVolume16. 650 4$aComo - Monastero di Sant'Abbondio - Fonti archivistiche.$0(OLS)http://semarc/subject/18110 700 1 $aPerelli Cippo, Roberto.$0(OLS)http://semarc/name/10992 830 0$aRaccolta storica ;$vVolume16.$0(OLS)http://semarc/title/97 850 $aSeMil 852 $aSeMil$W1$xVenegono$y1$m3B VI 71$j59167$B59167$CSeMilBibl$Z2$F43391 $81 996 $6245$aI registri del monastero di S. Abbondio in Como :$bsecolo 13.$9(OLS)http://semarc/title/149400 996 $6260$aComo :$bPresso la Società a Villa Gallia$9(OLS)http://semarc/publisher/39711